000 02208nam0a2200397 4500
001 RU\NLR\bibl\1663892
005 20260406160914.0
010 _a978-5-902490-06-7
021 _aRU
_b2010-51954
_93423
035 _a(nilc)RSL-KNO-004704182
035 _a(NLR Aleph) 001655173
090 _a946689
_c946689
100 _a20100705d2010 |||y0rusy50 ca
101 1 _arus
_cger
102 _aRU
105 _aa |||||||||
200 1 _aАнтропософия как космософия
_eдвадцать две лекции единого курса, Дорнах, 23 сентября - 13 ноября 1921 года
_e[сборник]
_fРудольф Штайнер
_gпер. с нем. Л. Б. Памфиловой
210 _aМосква
_cТитурель
_aСанкт-Петербург
_cДеметра
_d2010
215 _a373, [8] с.
_cил.
_d22
225 1 _aПолное собрание трудов
_vТ. 207-208
327 1 _aСодерж.: Характерные черты человека в земной и космической сферах; Формирование человека как результат космических воздействий
455 1 _1010$a3-7274-2070-7
_12000#$aAntroposophie als Kosmosophie. Erster Teil
_1210##$aDornach$cRudolf Steiner$d1990
_1700#0$aSteiner, Rudolf
_tAntroposophie als Kosmosophie. Erster Teil
_aSteiner, Rudolf
455 1 _1010$a3-7274-2080-7
_12000#$aAntroposophie als Kosmosophie. ZweiterTeil
_1210##$aDornach$cRudolf Steiner$d1992
_1700#0$aSteiner, Rudolf
_tAntroposophie als Kosmosophie. ZweiterTeil
_aSteiner, Rudolf
606 1 _aАнтропософия
_9994416
_3RU\NLR\auth\6658306
686 _aЮ3(4Ш)6-676Штайнер Р.-00
_2rubbk
686 _aЭ391.4,0
_2rubbk
686 _aЭ391.7
686 _aЮ3(4Ш)6-676
700 1 _4070
_8rus
_7ca
_aШтайнер
_bР.
_f1861-1925
_gРудольф
_3RU\NLR\auth\778571
_9118473
801 0 _aRU
_bРГБ
_c20100705
_grcr
801 1 _aRU
_bРГБ
_c20100705
801 2 _aRU
_bNLR
_c20100318
_grcr
942 _cBOOK
980 _aNB